Software para el manejo de pantallas de toque
שמור ב:
| מחבר ראשי: | |
|---|---|
| פורמט: | ספר |
| יצא לאור: |
San José, Costa Rica
1992
|
| נושאים: | |
| תגים: |
הוספת תג
אין תגיות, היה/י הראשונ/ה לתייג את הרשומה!
|
MARC
| LEADER | 00000nam a2200000Ia 4500 | ||
|---|---|---|---|
| 003 | 005483 | ||
| 005 | 20221231144322.0 | ||
| 008 | 140114s1992 cr a m 000 ||s d | ||
| 040 | |c cru CEDI | ||
| 090 | |a TFG 2617 | ||
| 100 | |a Barquero Mena, Allan |9 12385 | ||
| 245 | |a Software para el manejo de pantallas de toque | ||
| 260 | |c 1992 |a San José, Costa Rica | ||
| 300 | |a vii, 80 hojas : ilustraciones, diagramas ; 28 cm + 1Disquete | ||
| 500 | |a Proyecto de graduación (bachillerato en ingeniería eléctrica)--Universidad de Costa Rica. Facultad de Ingeniería. Escuela de Ingeniería Eléctrica | ||
| 650 | |x UNIVERSIDAD DE COSTA RICA.. SERVICIO DE INFORMACION - AUTOMATIZACION |x MICROCOMPUTADORAS |x PROGRAMAS |x DISPOSITIVOS PARA COMPUTADORAS |9 12386 | ||
| 942 | |c TFG |2 ddc | ||
| 999 | |c 20076 |d 20076 | ||
